La idea de la fenomenología
Պահպանված է:
| Հիմնական հեղինակ: | |
|---|---|
| Ձևաչափ: | Գիրք |
| Լեզու: | իսպաներեն |
| Հրապարակվել է: |
Barcelona
Herder
2011
|
| Խորագրեր: | |
| Ցուցիչներ: |
Ավելացրեք ցուցիչ
Չկան պիտակներ, Եղեք առաջինը, ով նշում է այս գրառումը!
|
MARC
| LEADER | 00000cam a2200000 a 4500 | ||
|---|---|---|---|
| 001 | UCF0373 | ||
| 003 | CL-VaPUC | ||
| 008 | 120517e20110000SP |||||||||||||||||spa|d | ||
| 020 | |a 9788425428371 | ||
| 082 | 0 | 4 | |a 142.7 |b HUS |2 21 |
| 100 | |a Husserl, Edmund |e author |9 197 | ||
| 245 | 1 | 3 | |a La idea de la fenomenología |
| 300 | |a 173 p | ||
| 942 | |c BK | ||
| 945 | |d 20120517 00:00:00 |a cmena | ||
| 260 | |a Barcelona |b Herder |c 2011 | ||
| 650 | 0 | |a Fenomenología |9 256519 | |
| 650 | 0 | |a Filosofía alemana |9 265002 | |
| 583 | |a last modification |c 20121105 12:10:26 |k Rodrigo Vera | ||
| 999 | |c 347705 |d 347703 | ||
| 952 | |0 0 |1 0 |4 0 |6 142_700000000000000_HUS_2011 |7 0 |8 A |9 449221 |a BIBARQ |b BIBARQ |d 2019-11-22 |i 4867726 |l 1 |o 142.7 HUS 2011 |p 4867726 |r 2025-01-20 |s 2023-03-20 |w 2019-11-22 |y BK |k ARQ | ||